[Event "NOR-chT Clubs"]
[Site "Drammen"]
[Date "2022.05.26"]
[Round "3"]
[White "Digernes, Magnus"]
[Black "Burchard, Ingar Berg"]
[Result "1-0"]
[WhiteElo "1994"]
[BlackElo "1683"]
[PlyCount "67"]
[EventDate "2022.05.26"]
[EventType "team-swiss"]
[EventRounds "6"]
[EventCountry "NOR"]
[SourceTitle "EXT 2024"]
[Source "ChessBase"]
[SourceDate "2023.10.10"]
[SourceVersion "1"]
[SourceVersionDate "2023.10.10"]
[SourceQuality "1"]
[WhiteTeam "Nittedal"]
[BlackTeam "Mosjoen"]
[WhiteTeamCountry "NOR"]
[BlackTeamCountry "NOR"]

1. e4 e6 2. d3 b6 3. Nd2 Bb7 4. Ngf3 d6 5. c3 Be7 6. Be2 Nf6 7. Qc2 c5 8. a4 Nc6 9. b3 h6 10. Bb2 Rc8 11. Nf1 d5 12. Ng3 d4 13. 0-0 Kf8 14. Nd2 dxc3 15. Bxc3 Nb4 16. Qb1 Rc7 17. Nc4 Rg8 18. f4 Nc6 19. f5 e5 20. Nxe5 Nd4 21. Qb2 Bd6 22. Nc4 Bxg3 23. hxg3 Re7 24. Rae1 a6 25. Bxd4 cxd4 26. Bf3 b5 27. axb5 axb5 28. Na3 Qb8 29. Qxd4 Qxg3 30. Nxb5 Rd7 31. Qb4+ Ke8 32. e5 Bxf3 33. exf6+ Kd8 34. Rxf3 1-0

[Event "NOR-chT Clubs"]
[Site "Drammen"]
[Date "2022.05.26"]
[Round "4"]
[White "Digernes, Magnus"]
[Black "Romanov, Evgeny"]
[Result "0-1"]
[WhiteElo "1994"]
[BlackElo "2573"]
[PlyCount "70"]
[EventDate "2022.05.26"]
[EventType "team-swiss"]
[EventRounds "6"]
[EventCountry "NOR"]
[SourceTitle "EXT 2024"]
[Source "ChessBase"]
[SourceDate "2023.10.10"]
[SourceVersion "1"]
[SourceVersionDate "2023.10.10"]
[SourceQuality "1"]
[WhiteTeam "Nittedal"]
[BlackTeam "Valerenga"]
[WhiteTeamCountry "NOR"]
[BlackTeamCountry "NOR"]

1. e4 c5 2. Be2 Nc6 3. d3 e6 4. f4 d5 5. Nf3 Bd6 6. 0-0 Nge7 7. Nc3 a6 8. a4 f6 9. Qe1 Qc7 10. Qh4 d4 11. e5 dxc3 12. exd6 cxb2 13. Bxb2 Qxd6 14. Ne5 fxe5 15. fxe5 Qd8 16. Bh5+ g6 17. Qf6 Kd7 18. Bf3 Kc7 19. Bxc6 Kxc6 20. d4 cxd4 21. Ba3 Nf5 22. Rxf5 gxf5 23. Be7 Qe8 24. Rd1 Rg8 25. Rxd4 Rg4 26. Rd6+ Kc7 27. h3 Rxa4 28. Rd8 Qc6 29. Bd6+ Kb6 30. Qe7 Rc4 31. Bb4 Ka7 32. c3 a5 33. Rd6 Qc7 34. Qxc7 Rxc7 35. Bxa5 Rd7 0-1

[Event "Kragero op"]
[Site "Kragero"]
[Date "2020.02.19"]
[Round "1"]
[White "Salimova, Nurgyul"]
[Black "Digernes, Magnus"]
[Result "1-0"]
[WhiteElo "2372"]
[BlackElo "2017"]
[PlyCount "77"]
[EventDate "2020.02.19"]
[EventType "swiss"]
[EventRounds "9"]
[EventCountry "NOR"]
[SourceTitle "CBM 195 Extra"]
[Source "ChessBase"]
[SourceDate "2020.05.31"]
[SourceVersion "1"]
[SourceVersionDate "2020.05.31"]
[SourceQuality "1"]

1. Nf3 Nf6 2. d4 g6 3. g3 Bg7 4. Bg2 d6 5. 0-0 0-0 6. b3 c6 7. c4 Qa5 8. Bb2 Qh5 9. Nbd2 Bh3 10. e4 Ng4 11. Nh4 Bxg2 12. Kxg2 Nd7 13. h3 Ngf6 14. f4 Qa5 15. e5 Ne8 16. Nhf3 Nc7 17. Qc2 b5 18. h4 Rfd8 19. h5 Nf8 20. hxg6 fxg6 21. Bc3 Qa6 22. f5 gxf5 23. Qxf5 Qc8 24. Qh5 Qe6 25. Ba5 Rdc8 26. Rae1 Qg6 27. Qh4 Nce6 28. Qxe7 Nf4+ 29. Kh2 Re8 30. Qh4 Nd3 31. Re4 Qh6 32. Qxh6 Bxh6 33. exd6 Rxe4 34. Nxe4 bxc4 35. bxc4 Nb2 36. Ne5 Bg7 37. Nf6+ Bxf6 38. Rxf6 Re8 39. Rf2 1-0

[Event "Helsingor Xtracon op"]
[Site "Helsingor"]
[Date "2019.07.25"]
[Round "7"]
[White "Opseth, Oliver"]
[Black "Digernes, Magnus"]
[Result "0-1"]
[WhiteElo "1714"]
[BlackElo "1997"]
[PlyCount "76"]
[EventDate "2019.07.20"]
[EventType "swiss"]
[EventRounds "10"]
[EventCountry "DEN"]
[SourceTitle "CBM 191 Extra"]
[Source "ChessBase"]
[SourceDate "2019.09.30"]
[SourceVersion "1"]
[SourceVersionDate "2019.09.30"]
[SourceQuality "1"]

1. d4 Nf6 2. Bf4 g6 3. Nc3 Bg7 4. e4 d6 5. Qd2 c6 6. Nf3 Bg4 7. e5 Nh5 8. Bh6 Bxf3 9. gxf3 dxe5 10. Bxg7 Nxg7 11. dxe5 Qxd2+ 12. Kxd2 Nd7 13. Re1 0-0-0 14. Bh3 Kc7 15. Kc1 Nc5 16. Rhg1 Nce6 17. Ne4 Nf4 18. Bf1 h6 19. Bc4 Rhf8 20. Rd1 b5 21. Rxd8 Rxd8 22. Rg4 g5 23. Bf1 Nf5 24. Ng3 Nd4 25. h4 f6 26. hxg5 fxg5 27. c3 Nxf3 28. Ne4 Nxe5 29. Rg1 g4 30. Ng3 Ned3+ 31. Bxd3 Nxd3+ 32. Kc2 Nf4 33. Nf5 h5 34. Nxe7 Re8 35. Nf5 Re2+ 36. Kb3 Rxf2 37. a3 Nd3 38. c4 Rxf5 0-1

[Event "Helsingor Xtracon op"]
[Site "Helsingor"]
[Date "2019.07.22"]
[Round "4"]
[White "Digernes, Magnus"]
[Black "Kvaloy, Aksel Bu"]
[Result "0-1"]
[WhiteElo "1997"]
[BlackElo "2205"]
[PlyCount "88"]
[EventDate "2019.07.20"]
[EventType "swiss"]
[EventRounds "10"]
[EventCountry "DEN"]
[SourceTitle "CBM 191 Extra"]
[Source "ChessBase"]
[SourceDate "2019.09.30"]
[SourceVersion "1"]
[SourceVersionDate "2019.09.30"]
[SourceQuality "1"]

1. d4 d5 2. c4 e6 3. Nc3 Bb4 4. cxd5 exd5 5. Bf4 Nf6 6. e3 Ne4 7. Qa4+ Nc6 8. Bb5 Bd7 9. Nge2 Nxc3 10. bxc3 Be7 11. Qc2 Be6 12. 0-0 Qd7 13. Bd3 h5 14. e4 g5 15. Bd2 dxe4 16. Bxe4 f5 17. d5 fxe4 18. dxc6 Qxc6 19. Nd4 Qd7 20. Nxe6 Qxe6 21. Be3 0-0-0 22. Bxa7 b6 23. a4 Kb7 24. a5 Kxa7 25. axb6+ Kb8 26. Qa4 cxb6 27. Qa8+ Kc7 28. Ra7+ Kd6 29. Qb7 Rc8 30. Qxb6+ Ke5 31. f4+ gxf4 32. Ra5+ Rc5 33. Rxc5+ Bxc5+ 34. Qxc5+ Qd5 35. Qe7+ Kf5 36. h4 Rg8 37. Qh7+ Kg4 38. Qh6 f3 39. gxf3+ exf3 40. Qf6 Kh3+ 41. Kf2 Rg2+ 42. Ke3 Re2+ 43. Kf4 Re4+ 44. Kxf3 Re6+ 0-1

[Event "NOR-ch Class1"]
[Site "Sarpsborg"]
[Date "2018.07.11"]
[Round "6"]
[White "Digernes, Magnus"]
[Black "Vigdal, Per Kristian"]
[Result "1-0"]
[WhiteElo "1859"]
[BlackElo "1948"]
[PlyCount "85"]
[EventDate "2018.07.07"]
[EventType "swiss"]
[EventRounds "9"]
[EventCountry "NOR"]
[SourceTitle "EXT 2024"]
[Source "ChessBase"]
[SourceDate "2023.10.10"]
[SourceVersion "1"]
[SourceVersionDate "2023.10.10"]
[SourceQuality "1"]

1. e4 c5 2. Nc3 d6 3. f4 e6 4. Nf3 Be7 5. Bc4 a6 6. a3 Nf6 7. d3 0-0 8. 0-0 b5 9. Ba2 Bb7 10. Qe1 Qc7 11. Qg3 d5 12. e5 Ne8 13. f5 b4 14. Ne2 exf5 15. Nf4 c4 16. Nh5 Qb6+ 17. Kh1 b3 18. cxb3 cxb3 19. Bxb3 Nd7 20. Ba4 Rd8 21. Ng5 Qg6 22. e6 fxe6 23. Nxe6 Qxe6 24. Re1 Qf7 25. Bd2 Ndf6 26. Nxf6+ Bxf6 27. Bb4 Nc7 28. Bxf8 Rxf8 29. Rac1 Ne6 30. Qd6 Nd8 31. Rc7 Qh5 32. Bd7 Bh4 33. Rec1 Bg5 34. Be6+ Nxe6 35. Qxe6+ Kh8 36. Qxf5 Re8 37. Qd7 Bh6 38. Rxb7 Qe2 39. Rg1 Rg8 40. Qxd5 Be3 41. Rb1 Qc2 42. Rf1 h6 43. Qe4 1-0

[Event "NOR-ch Class1"]
[Site "Sarpsborg"]
[Date "2018.07.10"]
[Round "5"]
[White "Kallset, Eirik Viken"]
[Black "Digernes, Magnus"]
[Result "0-1"]
[WhiteElo "1902"]
[BlackElo "1859"]
[PlyCount "68"]
[EventDate "2018.07.07"]
[EventType "swiss"]
[EventRounds "9"]
[EventCountry "NOR"]
[SourceTitle "EXT 2024"]
[Source "ChessBase"]
[SourceDate "2023.10.10"]
[SourceVersion "1"]
[SourceVersionDate "2023.10.10"]
[SourceQuality "1"]

1. e4 e6 2. d4 d5 3. Nd2 Nf6 4. e5 Nfd7 5. Bd3 c5 6. c3 Nc6 7. Ne2 a5 8. 0-0 cxd4 9. cxd4 a4 10. f4 g6 11. Nf3 a3 12. bxa3 Bxa3 13. Qb3 Qa5 14. Nc3 Be7 15. a3 Qb6 16. Nb5 Nb4 17. Qc3 Nc6 18. Bd2 Qd8 19. g4 h5 20. f5 hxg4 21. fxe6 gxf3 22. exf7+ Kf8 23. Qc1 Ndxe5 24. Bh6+ Kxf7 25. Qf4+ Bf6 26. dxe5 Nxe5 27. Bc2 Bh3 28. Rfe1 Qb6+ 29. Nd4 f2+ 30. Kxf2 Qxd4+ 31. Qxd4 Ng4+ 32. Qxg4 Bxg4 33. Bb3 Rxh6 34. Bxd5+ Kg7 0-1

[Event "NOR-ch Class1"]
[Site "Sarpsborg"]
[Date "2018.07.06"]
[Round "1"]
[White "Esbensen, Kai Inge"]
[Black "Digernes, Magnus"]
[Result "1-0"]
[WhiteElo "1957"]
[BlackElo "1859"]
[PlyCount "51"]
[EventDate "2018.07.07"]
[EventType "swiss"]
[EventRounds "9"]
[EventCountry "NOR"]
[SourceTitle "EXT 2024"]
[Source "ChessBase"]
[SourceDate "2023.10.10"]
[SourceVersion "1"]
[SourceVersionDate "2023.10.10"]
[SourceQuality "1"]

1. d4 e6 2. c4 b6 3. Nc3 Bb7 4. e4 Bb4 5. d5 Bxc3+ 6. bxc3 d6 7. Bd3 Qf6 8. Ne2 Ne7 9. 0-0 Nd7 10. Be3 c6 11. f4 exd5 12. cxd5 cxd5 13. Bd4 Qh4 14. e5 dxe5 15. fxe5 Ng6 16. Qa4 Qe7 17. Bb5 Bc8 18. Bc6 Rb8 19. Qxa7 0-0 20. Bxd5 Ngxe5 21. Ng3 Qd6 22. Nf5 Qf6 23. Rae1 Re8 24. Re3 Kh8 25. Rg3 g6 26. Nh6 1-0

[Event "Nordstrand GP A"]
[Site "Oslo"]
[Date "2018.04.20"]
[Round "1"]
[White "Digernes, Magnus"]
[Black "Sjoberg, Isak"]
[Result "1/2-1/2"]
[WhiteElo "1854"]
[BlackElo "2043"]
[PlyCount "70"]
[EventDate "2018.04.20"]
[EventType "swiss"]
[EventRounds "5"]
[EventCountry "NOR"]
[SourceTitle "EXT 2024"]
[Source "ChessBase"]
[SourceDate "2023.10.10"]
[SourceVersion "1"]
[SourceVersionDate "2023.10.10"]
[SourceQuality "1"]

1. d4 Nf6 2. c4 c5 3. d5 e6 4. dxe6 fxe6 5. Nc3 d5 6. Bg5 d4 7. Ne4 Be7 8. Bxf6 Bxf6 9. Qa4+ Bd7 10. Qa3 Be7 11. Nf3 Nc6 12. g3 Nb4 13. 0-0-0 Bc6 14. Nfd2 0-0 15. Bh3 e5 16. Rhf1 b5 17. f4 bxc4 18. Be6+ Kh8 19. Bxc4 Bd5 20. fxe5 Bxc4 21. Nxc4 Qd5 22. Ned2 Bg5 23. Rxf8+ Rxf8 24. Qb3 d3 25. e3 g6 26. Kb1 Nc2 27. Rf1 Rxf1+ 28. Nxf1 Nb4 29. a3 Qg2 30. Ncd2 Bxe3 31. Qf7 h5 32. Qf8+ Kh7 33. Qf7+ Kh8 34. Qf8+ Kh7 35. Qf7+ Kh8 1/2-1/2